000 04744cam a22013454i 4500
003 PE-LiUPU
005 20250813185609.0
008 150706s2010 pe a rb 000 0 spa d
020 _a9789972429439
035 _a(Sirsi) i9789972429439
040 _aPE-LiUPU
_bspa
_cPE-LiUPU
_erda
049 _aPRUA
082 0 4 _a338.985
_bOP
_221
082 0 4 _a338.985
_bOP 2010
245 0 1 _aOpciones de política económica en el Perú :
_b2011-2015 /
_cJosé Rodríguez y Mario D. Tello, editores.
264 1 _aLima :
_bFondo Editorial,
_c2010.
300 _a428 páginas :
_bilustraciones ;
_c24 centimetros
336 _atext
_2rdacontent
337 _aunmediated
_2rdamedia
338 _avolume
_2rdacarrier
505 0 _aPolíticas sectoriales -- Política industrial y desarrollo en el Perú -- Mercado de trabajo: diagnóstico y políticas -- Seguridad alimentaria: una propuesta de política para el próximo gobierno -- Recursos naturales, medio ambiente y desarrollo: Perú 1970-2010 -- Políticas para un crecimiento con equidad -- Descentralización, divergencia y desarrollo regional en el Perú del 2010 -- Competitividad, infraestructura y desarrollo regional -- Políticas comerciales internacionales y la estructura del comercio exterior peruano -- TLC y agendas complementarias: balance y lineamientos de propuesta.
526 _aP202
526 _aP201
526 _aP163
526 _aP162
526 _aP161
526 _aP160
526 _aP148
526 _aP147
526 _aP146
526 _aP145
526 _aP144
526 _aP143
526 _aP142
526 _aP141
526 _aP140
526 _aP139
526 _aP138
526 _aP137
526 _aP136
526 _aP135
526 _aP134
526 _aP133
526 _aP129
526 _aP128
526 _aP127
526 _aP120
526 _aP119
526 _aP118
526 _aP116
526 _aP115
526 _aP114
526 _aP110
526 _aP109
526 _aP108
526 _aP104
526 _aP103
526 _aP102
526 _aP99
526 _aP98
526 _aP97
526 _aP96
526 _aP95
526 _aP93
526 _aP90
526 _aP89
526 _aP88
526 _aP83
526 _aP82
526 _aP62
526 _aP59
526 _aP58
526 _aP57
526 _aP51
526 _aP49
526 _aP48
526 _aP47
526 _aP29
526 _aP24
526 _aP20
526 _aP19
526 _aP17
526 _aP15
526 _aP14
526 _aP12
526 _aP10
526 _aP09
526 _aP08
526 _aP07
526 _aP06
526 _aP05
526 _aP04
526 _aP01
541 _g110-0000826;
541 _g001-000033;
541 _g001-000033;
541 _FAdministración;
650 0 4 _aPerú
_xPolítica económica
_y2011-2015.
650 0 4 _aCondiciones economicas
_zPerú.
650 0 4 _aDesarrollo económico
_zPerú.
700 1 _aRodríguez, José,
_eed.
700 1 _aTello, Mario D.,
_eed.
910 _agl
_bjv
_clch
_d20111212
942 _2ddc
_cBOOK
949 _a338.985 OP
_wDEWEY
_c1
_i64167
_lCCODEBUL1
_mBUL
_p20.00
_r0
_sY
_tBOOK
_u2015-7-6
_xFCE
_PP04
_o.STAFF. Colección General
949 _a338.985 OP
_wDEWEY
_c2
_i68059
_lCCODEBUL1
_mBUL
_p31.00
_r0
_sY
_tBOOK
_u2015-7-6
_xFCE
_PP04
_o.STAFF. Colección General
949 _a338.985 OP
_wDEWEY
_c3
_i68060
_lCCODEBUL1
_mBUL
_p31.00
_r0
_sY
_tBOOK
_u2015-7-6
_xFCE
_PP04
_o.STAFF. Colección General
949 _a338.985 OP 2010
_wDEWEY
_c1
_iFJ03980
_lCCODEBUJ1
_mBUJ
_p18.50
_r0
_sY
_tBOOK
_u2016-11-07
_xFCE
_PP04
_0COMPRA
_o.STAFF. Colección General Juliaca
994 _aC0
_bPEPRU
596 _a1 3
999 _a338.985 OP
_wDEWEY
_c52994
_i64167
_d52994
_e2015-11-12
_f2021-11-5
_g6
_lCCODEBUL1
_mBUL
_n2
_p20.00
_q1
_r0
_sY
_tBOOK
_u2015-7-6
_xFCE
_PP04
_0COMPRA
_o.STAFF. Colección General
999 _a338.985 OP
_wDEWEY
_c2
_i68059
_f2019-12-9
_g5
_lDISCARD
_mBUL
_p31.00
_r1
_sY
_tBOOK
_u2015-7-6
_xFCE
_PP04
_0COMPRA
_o.STAFF. Colección General
999 _a338.985 OP
_wDEWEY
_c3
_i68060
_d2019-2-18
_e2018-11-21
_f2021-11-5
_g6
_lCCODEBUL1
_mBUL
_n6
_p31.00
_r0
_sY
_tBOOK
_u2015-7-6
_xFCE
_PP04
_0COMPRA
_o.STAFF. Colección General
999 _a338.985 OP 2010
_wDEWEY
_c1
_iFJ03980
_f2022-1-18
_g4
_lCCODEBUJ1
_mBUJ
_p18.50
_r0
_sY
_tBOOK
_u2016-11-9
_xFCE
_PP04
_0COMPRA
_o.STAFF. Colección General Juliaca
980 _81
_gALBERTO SANCHEZ Responsable de Automatización